40 vragen over van alles en nog wat - Quiz 16 - Statistieken

Algemene statistieken
  • Deze quiz is 5 keer genomen
  • De gemiddelde score is 12 van 40
Antwoordstatistieken
Hint Antwoord % Correct
Wat is de meest bezochte stad in Frankrijk Parijs
100%
Hoeveel water drinken wordt aangeraden per dag, noem 2 getallen 2
80%
Hoe zeggen Fransen hallo Bonjour
80%
Welk land scheidde zich af van Servie Kosovo
80%
Hoe zeggen Fransen dankjewel Merci
80%
Hoeveel water drinken wordt aangeraden per dag, noem 2 getallen 1,5
60%
In welk jaar is deze ingestort 2025
60%
Welk fruit breekt vet af Appel
60%
Welke stad in de Bourgogne is de mosterd stad Dijon
60%
Eerste meest bezochte bedevaartsplaats van Frankrijk Lourdes
60%
Welk land heet zwarte berg en scheid zich af van Servie Montenegro
60%
Wanneer in welke maand is de kinderboeken week Oktober
60%
Hoe zeggen de Fransen proost Santé
60%
In welke Limburgse plaats stond de Wilhelmina toren Valkenburg
60%
Hoe laat eten Fransen avondeten, getal op 24uurs klok 19.00
40%
Wat is het nummer van dit departement 21
40%
Welk fruit breekt vet af Kiwi
40%
In welk jaar houd Joegoslavië op te bestaan 2003
20%
In welk jaar geschiedde deze afscheiding 2006
20%
Welke twee groenten doden je buikvet Broccoli
20%
Welk fruit breekt vet af Citroen
20%
Welke belangrijke voedingsstoffen bevat mosterd, noem er 3 Magnesium
20%
Wat is de hoofdstad van dit land Podgorica
20%
Welke twee groenten doden je buikvet Spinazie
20%
Welk nummer heeft dit departement 46
0%
Welk nummer heeft dit departement 65
0%
Wat zijn de 5 elementen in reflexologie Aarde
0%
Welk fruit breekt vet af Avocado
0%
Welk fruit breekt vet af Bessen
0%
In welk departement ligt deze stad Côte-d'Or
0%
Welke stad is de mosterd stad in Nederland Doesburg
0%
In welk departement ligt deze plaats Hautes-Pyrénées
0%
Wat zijn de 5 elementen in reflexologie Hout
0%
In welk departement ligt deze plaats Lot
0%
Wat zijn de 5 elementen in reflexologie Metaal
0%
Tweede meest bezochte bedevaartsplaats van Frankrijk Rocamadour
0%
Welke belangrijke voedingsstoffen bevat mosterd, noem er 3 Selenium
0%
Welke belangrijke voedingsstoffen bevat mosterd, noem er 3 Vezels
0%
Wat zijn de 5 elementen in reflexologie Vuur
0%
Wat zijn de 5 elementen in reflexologie Water
0%
Geen overeenkomende quizzen gevonden
Scoreverdeling
Procent van Mensen met Elke Score
Percentiel versus Aantal Correcte Antwoorden
Uw Scoregeschiedenis
U heeft deze quiz nog niet genomen